Southville International School and Colleges
Your cart is empty.
  • Cart
  • Lists
    Public lists Eva Luna New books Lux_list list_1
    Your lists Log in to create your own lists
  • Log in to your account
  • Your cookies
  • Search history
Southville International School and Colleges
  • Advanced search
  • Recent comments
  • Most popular
  • Libraries

Log in to your account

Log in with GOOGLE


If you do not have an external account, but do have a local account, you can still log in:

  1. Home
  2. MARC view: Here are my hands /
Normal view MARC view ISBD view

Here are my hands / (Record no. 106268)

[ view plain ]
MARC details
000 -LEADER
fixed length control field 00637nam a2200181 a 4500
005 - DATE AND TIME OF LATEST TRANSACTION
control field 20140412111427.0
008 - FIXED-LENGTH DATA ELEMENTS--GENERAL INFORMATION
fixed length control field 090225s19uu xx 00 eng d
020 ## - INTERNATIONAL STANDARD BOOK NUMBER
International Standard Book Number 0-8050-5911-3
050 ## - LIBRARY OF CONGRESS CALL NUMBER
Classification number TR(PS E
Item number He42 1985
100 ## - MAIN ENTRY--PERSONAL NAME
Personal name Bill, Matin Jr.
245 ## - TITLE STATEMENT
Title Here are my hands /
Statement of responsibility, etc Bill Martin Jr.
260 ## - PUBLICATION, DISTRIBUTION, ETC. (IMPRINT)
Place of publication, distribution, etc New York :
Name of publisher, distributor, etc Henry Holt,
Date of publication, distribution, etc 1985.
300 ## - PHYSICAL DESCRIPTION
Extent unp.
520 ## - SUMMARY, ETC.
Summary, etc The Owner of the human body celebrates it by pointing out various parts and mentioning their functions, from "hands for catching and throwing" to Skin that bundles me in".
650 ## - SUBJECT ADDED ENTRY--TOPICAL TERM
Topical term or geographic name as entry element Human body
General subdivision fiction
650 ## - SUBJECT ADDED ENTRY--TOPICAL TERM
Topical term or geographic name as entry element Stories in rhyme
Holdings
Withdrawn status Lost status Damaged status Home library Current library Shelving location Date acquired Source of acquisition Total Checkouts Full call number Barcode Date last seen Price effective from Koha item type
      Elizalde Library Elizalde Library Teachers Reference Section 02/25/2009     TR(PS E He42 1985 E11513 04/12/2014 04/12/2014 Books

Here are my hands /

APA

Bill M. J., . (1985). Here are my hands. New York: Henry Holt.

Chicago

Bill Matin Jr, . 1985. Here are my hands. New York: Henry Holt.

Harvard

Bill M. J., . (1985). Here are my hands. New York: Henry Holt.

MLA

Bill Matin Jr, . Here are my hands. New York: Henry Holt. 1985.

  • Place hold
  • Print
  • Cite
  • Add to your cart (remove)
  • Save record
    BIBTEX Dublin Core MARCXML MARC (non-Unicode/MARC-8) MARC (Unicode/UTF-8) MARC (Unicode/UTF-8, Standard) MODS (XML) RIS
  • More searches
    Search for this title in:
    Other Libraries (WorldCat) Other Databases (Google Scholar) Online Stores (Bookfinder.com) Open Library (openlibrary.org)

Exporting to Dublin Core...

SOUTHVILLE LIBRARY

Southville International School and Colleges Library

1281 Tropical Ave. Cor. Luxembourg St., BF Homes International, Las Pinas City

Tel. No. 8256374 / 252358 Loc. 117/146

Powered by Koha